000 00444cam a2200157u 4500
082 _a628.95
_bWAI
_cL-10, P-20
100 1 _aWaldram, John Malyon.
_944252
245 1 0 _aStreet lighting.
260 _aLondon,
_bE. Arnold
_c[1952]
300 _a431 p.
_billus.
_c24 cm.
526 _a0
_b0
_c0
_d628_950000000000000_WAI
526 _a0
_b0
_c0
_d628_950000000000000_WAI
650 0 _aMCE
_9379
650 0 _aStreet lighting.
_944253
942 _2ddc
_cBK
999 _c548093
_d548093